000 00534nam a2200193Ia 4500
005 20250326124509.0
008 250326s9999 xx 000 0 und d
037 _aTextbook
040 _aFMSL
_beng
_cFMSL
041 _aeng
_2eng
084 _aX:8 K4
_qFMSL
100 _aKoontz H
_9328988
245 0 _aPrinciples of management: analysis of managerial functions
_cKoontz H; O'donnell C
250 _a3
260 _aNY
_bNY, McGraw-HIll
_c1964
300 _a637p
942 _cTB
_hX:8 K4
999 _c1273952
_d1273952